Elements of Measure and Probability/ (Record no. 8189)

MARC details
000 -LEADER
fixed length control field 01043nam a22002177a 4500
005 - DATE AND TIME OF LATEST TRANSACTION
control field 20260327174234.0
008 - FIXED-LENGTH DATA ELEMENTS--GENERAL INFORMATION
fixed length control field 260326b |||||||| |||| 00| 0 eng d
020 ## - INTERNATIONAL STANDARD BOOK NUMBER
ISBN 9788198831767
041 ## - LANGUAGE CODE
Language code of text/sound track or separate title eng
082 ## - DEWEY DECIMAL CLASSIFICATION NUMBER
Classification number 519.2
Item number BosE
100 ## - MAIN ENTRY--AUTHOR NAME
Personal name Bose, Arup
245 ## - TITLE STATEMENT
Title Elements of Measure and Probability/
Statement of responsibility, etc Arup Bose
260 ## - PUBLICATION, DISTRIBUTION, ETC. (IMPRINT)
Place of publication New Delhi :
Name of publisher Hindustan Book Agency,
Year of publication ©2025
300 ## - PHYSICAL DESCRIPTION
Number of Pages xix, 308p.
440 ## - SERIES STATEMENT/ADDED ENTRY--TITLE
Title Texts and Readings in Mathematics;
Volume number/sequential designation no.87
520 ## - SUMMARY, ETC.
Summary, etc This is an introduction to Measure Theory and Measure Theoretic Probability at the upper undergraduate and graduate levels. A familiarity with real analysis is required. Some background in basic probability would be helpful, but is not essential.The book can be used for courses in both mathematics and mathematical statistics. All the standard topics in measure theory and probability are covered. A large number of exercises are provided throughout the book.
650 ## - SUBJECT ADDED ENTRY--TOPICAL TERM
Topical Term Probabilities
650 ## - SUBJECT ADDED ENTRY--TOPICAL TERM
Topical Term Applied mathematics
650 ## - SUBJECT ADDED ENTRY--TOPICAL TERM
Topical Term Measure theory
942 ## - ADDED ENTRY ELEMENTS (KOHA)
Koha item type Books
Holdings
Withdrawn status Lost status Damaged status Collection code Home library Current library Shelving location Date acquired Source of acquisition Full call number Accession Number Bill Date/Price effective from Koha item type
      Mathematics Indian Institute of Technology Tirupati Indian Institute of Technology Tirupati General Stacks 27/03/2026 Gifted 519.2 BosE (GB103) GB103 27/03/2026 Books